[Event "Aeroflot Open 2010"]
[Site "Moscu RUS"]
[Date "2010.02.16"]
[Round "8.33"]
[White "Zhigalko, Sergei"]
[Black "Iljushin, Alexei"]
[Result "1-0"]
[WhiteElo "2646"]
[BlackElo "2551"]
[PlyCount "65"]
[EventDate "2010.02.09"]
[EventType "swiss"]
[EventRounds "9"]
[EventCountry "RUS"]
[Source "lmi"]
[SourceDate "2010.02.09"]

1. e4 c5 2. Nf3 Nc6 3. Bb5 g6 4. Bxc6 dxc6 5. d3 Bg7 6. h3 Nh6 7. O-O b6 8. a4
O-O 9. a5 Ba6 10. Re1 f6 11. e5 Nf7 12. e6 Ne5 13. Bf4 Qd5 14. Nbd2 Qxe6 15.
Nxe5 fxe5 16. Bg3 b5 17. Re4 c4 18. Bxe5 Bxe5 19. Qe2 cxd3 20. cxd3 Rf5 21. Nf3
c5 22. Nxe5 Bb7 23. Re3 Qd5 24. f3 Re8 25. Ng4 Kf8 26. Re1 Qd6 27. Re6 Qd4+ 28.
Kh1 Rf7 29. Nh6 Rg7 30. Qd2 Rd8 31. Qg5 Rd7 32. R1e5 Bd5 33. Qf6+ 1-0

[Event "Aeroflot Open 2010"]
[Site "Moscu RUS"]
[Date "2010.02.16"]
[Round "8.34"]
[White "Lopez Martinez, Josep Manuel"]
[Black "Morovic Fernandez, Ivan"]
[Result "1/2-1/2"]
[WhiteElo "2593"]
[BlackElo "2561"]
[PlyCount "35"]
[EventDate "2010.02.09"]
[EventType "swiss"]
[EventRounds "9"]
[EventCountry "RUS"]
[Source "lmi"]
[SourceDate "2010.02.09"]

1. d4 Nf6 2. c4 e6 3. Nc3 Bb4 4. e3 O-O 5. Bd3 d5 6. cxd5 exd5 7. Nge2 Re8 8.
a3 Bd6 9. f3 c5 10. O-O Nc6 11. Rf2 Bf8 12. Bc2 g6 13. h3 cxd4 14. exd4 Bg7 15.
g4 Nd7 16. Kg2 Nb6 17. b3 Qf6 18. Nb5 1/2-1/2

[Event "Aeroflot Open 2010"]
[Site "Moscu RUS"]
[Date "2010.02.16"]
[Round "8.35"]
[White "Feller, Sebastien"]
[Black "Papin, Vasily"]
[Result "1/2-1/2"]
[WhiteElo "2579"]
[BlackElo "2548"]
[PlyCount "100"]
[EventDate "2010.02.09"]
[EventType "swiss"]
[EventRounds "9"]
[EventCountry "RUS"]
[Source "lmi"]
[SourceDate "2010.02.09"]

1. d4 d5 2. c4 e6 3. Nf3 c6 4. Bg5 Be7 5. Bxe7 Qxe7 6. Qc2 Nf6 7. e3 Nbd7 8.
Nc3 O-O 9. O-O-O e5 10. cxd5 Nxd5 11. dxe5 Nxe5 12. Nxe5 Qxe5 13. Qe4 Qc7 14.
Bd3 f5 15. Qd4 Nxc3 16. Qxc3 Be6 17. h3 Qf7 18. a3 Rad8 19. Bc2 Bd5 20. Rhg1
Be4 21. Rxd8 Rxd8 22. Bb3 Bd5 23. Rd1 Rd7 24. Qe5 h6 25. Bc2 g6 26. g4 fxg4 27.
hxg4 Re7 28. Qd6 Re6 29. Qg3 Kg7 30. Rd4 Qe7 31. Kd2 Be4 32. Bxe4 Rxe4 33. Rxe4
Qxe4 34. Qc7+ Kf6 35. Qxb7 Qg2 36. Kc3 h5 37. gxh5 gxh5 38. Qb4 Qh1 39. Qf4+
Ke7 40. Qe5+ Kd7 41. Kd2 h4 42. Ke2 h3 43. Qf5+ Kc7 44. Qf4+ Kb7 45. Qb4+ Ka6
46. Qc4+ Kb7 47. Qb4+ Ka6 48. Qa4+ Kb7 49. Qb3+ Kc7 50. Qf7+ Kb6 1/2-1/2

[Event "Aeroflot Open 2010"]
[Site "Moscu RUS"]
[Date "2010.02.16"]
[Round "8.36"]
[White "Javakhishvili, Lela"]
[Black "Ghaem Maghami, Ehsan"]
[Result "1/2-1/2"]
[WhiteElo "2493"]
[BlackElo "2589"]
[PlyCount "45"]
[EventDate "2010.02.09"]
[EventType "swiss"]
[EventRounds "9"]
[EventCountry "RUS"]
[Source "lmi"]
[SourceDate "2010.02.09"]

1. d4 Nf6 2. c4 e6 3. Nf3 c5 4. d5 b5 5. Bg5 exd5 6. cxd5 d6 7. a4 b4 8. e4 a6
9. Bc4 Be7 10. Nbd2 O-O 11. O-O Nbd7 12. a5 Re8 13. h3 h6 14. Bf4 Nf8 15. Re1
Ng6 16. Bh2 Bd7 17. Bf1 Bb5 18. Nc4 Bxc4 19. Bxc4 Nd7 20. Qb3 Ra7 21. Bf1 Qb8
22. Nd2 Bf6 23. Nc4 1/2-1/2

[Event "Aeroflot Open 2010"]
[Site "Moscu RUS"]
[Date "2010.02.16"]
[Round "8.37"]
[White "Krylov, Mikhail"]
[Black "Svetushkin, Dmitry"]
[Result "1-0"]
[WhiteElo "2511"]
[BlackElo "2573"]
[PlyCount "53"]
[EventDate "2010.02.09"]
[EventType "swiss"]
[EventRounds "9"]
[EventCountry "RUS"]
[Source "lmi"]
[SourceDate "2010.02.09"]

1. d4 d5 2. c4 c6 3. Nf3 Nf6 4. Nc3 dxc4 5. a4 Bf5 6. Ne5 Nbd7 7. Nxc4 Nb6 8.
Ne5 a5 9. f3 Nfd7 10. e4 Nxe5 11. dxe5 Be6 12. Be3 Qxd1+ 13. Rxd1 Nd7 14. f4
Bb3 15. Rd4 e6 16. Bc4 Bxc4 17. Rxc4 Ra6 18. Nb5 Kd8 19. Ke2 Bb4 20. Rd1 Re8
21. Rcd4 Re7 22. f5 c5 23. Rd6 c4 24. Bg5 f6 25. exf6 gxf6 26. Rxa6 bxa6 27.
Bxf6 1-0

[Event "Aeroflot Open 2010"]
[Site "Moscu RUS"]
[Date "2010.02.17"]
[Round "9.6"]
[White "Timofeev, Artyom"]
[Black "Sargissian, Gabriel"]
[Result "1/2-1/2"]
[WhiteElo "2652"]
[BlackElo "2680"]
[PlyCount "28"]
[EventDate "2010.02.09"]
[EventType "swiss"]
[EventRounds "9"]
[EventCountry "RUS"]
[Source "lmi"]
[SourceDate "2010.02.09"]

1. c4 Nf6 2. Nc3 e5 3. Nf3 Nc6 4. d3 Bc5 5. g3 O-O 6. Bg2 d6 7. O-O h6 8. e3 a6
9. b3 Ba7 10. Bb2 Rb8 11. Rc1 Bd7 12. a3 b5 13. b4 Ne7 14. h3 Be6 1/2-1/2

[Event "Aeroflot Open 2010"]
[Site "Moscu RUS"]
[Date "2010.02.17"]
[Round "9.7"]
[White "Bareev, Evgeny"]
[Black "Bu, Xiangzhi"]
[Result "1/2-1/2"]
[WhiteElo "2643"]
[BlackElo "2673"]
[PlyCount "61"]
[EventDate "2010.02.09"]
[EventType "swiss"]
[EventRounds "9"]
[EventCountry "RUS"]
[Source "lmi"]
[SourceDate "2010.02.09"]

1. d4 Nf6 2. c4 e6 3. Nc3 Bb4 4. Qc2 O-O 5. a3 Bxc3+ 6. Qxc3 d5 7. Nf3 b6 8.
Bg5 dxc4 9. Qxc4 Ba6 10. Qa4 c5 11. Rd1 Qd7 12. Qb3 cxd4 13. Bxf6 gxf6 14. Nxd4
Qe7 15. e4 Bxf1 16. Kxf1 Rc8 17. g3 Nc6 18. Kg2 Nxd4 19. Rxd4 Rd8 20. Rhd1 Rxd4
21. Rxd4 Rd8 22. Rc4 Qd6 23. Qf3 Qe5 24. b4 Kg7 25. Qg4+ Kh6 26. Qe2 Kg7 27.
Kh3 Qb5 28. Qg4+ Kf8 29. Rc1 Qe5 30. Rc2 a5 31. bxa5 1/2-1/2

[Event "Aeroflot Open 2010"]
[Site "Moscu RUS"]
[Date "2010.02.17"]
[Round "9.8"]
[White "Savchenko, Boris"]
[Black "Cheparinov, Ivan"]
[Result "1/2-1/2"]
[WhiteElo "2638"]
[BlackElo "2660"]
[PlyCount "84"]
[EventDate "2010.02.09"]
[EventType "swiss"]
[EventRounds "9"]
[EventCountry "RUS"]
[Source "lmi"]
[SourceDate "2010.02.09"]

1. Nf3 Nf6 2. c4 c6 3. g3 d5 4. b3 Bf5 5. Bb2 e6 6. Bg2 Nbd7 7. O-O h6 8. d3
Bc5 9. Nbd2 O-O 10. Qe1 Bh7 11. e4 dxe4 12. dxe4 e5 13. a3 a5 14. Qe2 Re8 15.
Ne1 Bd4 16. Bxd4 exd4 17. Nd3 Nxe4 18. Bxe4 Bxe4 19. Nxe4 f5 20. f3 Qe7 21. Qf2
fxe4 22. fxe4 Rad8 23. b4 axb4 24. axb4 Nf6 25. e5 Ng4 26. Qe2 Nxe5 27. Rae1
Qg5 28. c5 Nxd3 29. Qxd3 Re3 30. Rxe3 Qxe3+ 31. Qxe3 dxe3 32. Re1 Rd3 33. Kg2
Kf7 34. Kf3 Ke6 35. Rxe3+ Rxe3+ 36. Kxe3 Kd5 37. Kd3 h5 38. h3 g5 39. h4 g4 40.
Ke3 Ke5 41. Kd3 Kd5 42. Ke3 Ke5 1/2-1/2

[Event "Aeroflot Open 2010"]
[Site "Moscu RUS"]
[Date "2010.02.17"]
[Round "9.9"]
[White "Zhou, Jianchao"]
[Black "Vescovi, Giovanni"]
[Result "1-0"]
[WhiteElo "2632"]
[BlackElo "2660"]
[PlyCount "111"]
[EventDate "2010.02.09"]
[EventType "swiss"]
[EventRounds "9"]
[EventCountry "RUS"]
[Source "lmi"]
[SourceDate "2010.02.09"]

1. d4 Nf6 2. c4 e6 3. Nf3 d5 4. Nc3 Be7 5. Bg5 O-O 6. e3 h6 7. Bh4 Ne4 8. Bxe7
Qxe7 9. cxd5 Nxc3 10. bxc3 exd5 11. Qb3 Rd8 12. c4 dxc4 13. Bxc4 Nc6 14. Qc3
Bg4 15. O-O Bxf3 16. gxf3 Qf6 17. Be2 Rac8 18. Qc2 Ne7 19. f4 c6 20. Rac1 b6
21. Qe4 Qe6 22. Qxe6 fxe6 23. h4 Kf7 24. h5 c5 25. Ba6 Rc6 26. dxc5 Rxc5 27.
Rxc5 bxc5 28. Rc1 Rd5 29. Be2 Rd2 30. Bg4 Rxa2 31. Rxc5 Rb2 32. Rc7 a6 33. Ra7
Ra2 34. e4 Ra4 35. f3 Ra2 36. Rd7 Ra5 37. Rd6 e5 38. Be6+ Ke8 39. fxe5 Rxe5 40.
Rxa6 Kd8 41. Bg4 Ke8 42. Kf2 Ng8 43. Bf5 Rxf5 44. exf5 Nf6 45. Kg3 Kf7 46. Kf4
Nxh5+ 47. Ke5 Kf8 48. Ra4 Kf7 49. Rc4 Ke7 50. Rc7+ Kf8 51. Kd6 Ke8 52. Ke6 Nf4+
53. Ke5 Nh5 54. f6 gxf6+ 55. Kf5 Kf8 56. Rh7 1-0

[Event "Aeroflot Open 2010"]
[Site "Moscu RUS"]
[Date "2010.02.17"]
[Round "9.10"]
[White "Iturrizaga, Eduardo"]
[Black "So, Wesley"]
[Result "1/2-1/2"]
[WhiteElo "2616"]
[BlackElo "2656"]
[PlyCount "20"]
[EventDate "2010.02.09"]
[EventType "swiss"]
[EventRounds "9"]
[EventCountry "RUS"]
[Source "lmi"]
[SourceDate "2010.02.09"]

1. d4 d5 2. c4 c6 3. Nc3 dxc4 4. e4 b5 5. a4 b4 6. Na2 Nf6 7. e5 Nd5 8. Bxc4 e6
9. Nf3 Bb7 10. O-O Nd7 1/2-1/2

[Event "Aeroflot Open 2010"]
[Site "Moscu RUS"]
[Date "2010.02.17"]
[Round "9.12"]
[White "Khairullin, Ildar"]
[Black "Naiditsch, Arkadij"]
[Result "1/2-1/2"]
[WhiteElo "2605"]
[BlackElo "2687"]
[PlyCount "20"]
[EventDate "2010.02.09"]
[EventType "swiss"]
[EventRounds "9"]
[EventCountry "RUS"]
[Source "lmi"]
[SourceDate "2010.02.09"]

1. d4 Nf6 2. c4 e6 3. Nf3 d5 4. g3 dxc4 5. Bg2 c5 6. O-O Nc6 7. dxc5 Qxd1 8.
Rxd1 Bxc5 9. Nbd2 c3 10. bxc3 O-O 1/2-1/2

[Event "Aeroflot Open 2010"]
[Site "Moscu RUS"]
[Date "2010.02.17"]
[Round "9.14"]
[White "Pashikian, Arman"]
[Black "Salgado Lopez, Ivan"]
[Result "1/2-1/2"]
[WhiteElo "2647"]
[BlackElo "2584"]
[PlyCount "81"]
[EventDate "2010.02.09"]
[EventType "swiss"]
[EventRounds "9"]
[EventCountry "RUS"]
[Source "lmi"]
[SourceDate "2010.02.09"]

1. d4 e6 2. c4 Bb4+ 3. Nd2 d5 4. e3 Nf6 5. Ngf3 O-O 6. a3 Be7 7. b4 b6 8. cxd5
exd5 9. Bb2 Bb7 10. Bd3 Re8 11. O-O Nbd7 12. b5 Bd6 13. a4 a6 14. Qb3 axb5 15.
axb5 Qe7 16. Rxa8 Rxa8 17. Ra1 Qf8 18. Rxa8 Qxa8 19. Nb1 Ne4 20. Ba3 Bxa3 21.
Qxa3 Qxa3 22. Nxa3 Kf8 23. Ne1 Nd6 24. Nec2 Nf6 25. Nb4 Ke7 26. f3 Nfe8 27. Kf2
f5 28. Nb1 Nf6 29. Nc3 g6 30. h3 Ke6 31. g4 fxg4 32. hxg4 g5 33. Bb1 Nde8 34.
Bf5+ Kf7 35. Bc2 Ke7 36. Bb3 Kd6 37. Ke2 Ng7 38. Kd3 h5 39. gxh5 Ngxh5 40. Ke2
Ng3+ 41. Kf2 1/2-1/2

[Event "Aeroflot Open 2010"]
[Site "Moscu RUS"]
[Date "2010.02.17"]
[Round "9.16"]
[White "Tregubov, Pavel V"]
[Black "Zvjaginsev, Vadim"]
[Result "1/2-1/2"]
[WhiteElo "2628"]
[BlackElo "2642"]
[PlyCount "43"]
[EventDate "2010.02.09"]
[EventType "swiss"]
[EventRounds "9"]
[EventCountry "RUS"]
[Source "lmi"]
[SourceDate "2010.02.09"]

1. d4 e6 2. c4 Bb4+ 3. Bd2 Bxd2+ 4. Qxd2 Nf6 5. Nc3 d5 6. e3 O-O 7. Nf3 Qe7 8.
Rc1 c6 9. Be2 Nbd7 10. O-O dxc4 11. Bxc4 e5 12. Nxe5 Nxe5 13. dxe5 Qxe5 14. h3
Bf5 15. Rfd1 Qe7 16. Qd6 Qxd6 17. Rxd6 Rfd8 18. Rcd1 Rxd6 19. Rxd6 Kf8 20. g4
Be6 21. Bxe6 Ke7 22. Rd2 1/2-1/2

[Event "Aeroflot Open 2010"]
[Site "Moscu RUS"]
[Date "2010.02.17"]
[Round "9.17"]
[White "Melkumyan, Hrant"]
[Black "Mamedov, Rauf"]
[Result "1/2-1/2"]
[WhiteElo "2583"]
[BlackElo "2640"]
[PlyCount "111"]
[EventDate "2010.02.09"]
[EventType "swiss"]
[EventRounds "9"]
[EventCountry "RUS"]
[Source "lmi"]
[SourceDate "2010.02.09"]

1. d4 d6 2. Nf3 g6 3. c4 Bg7 4. Nc3 Nf6 5. e4 O-O 6. h3 c5 7. d5 e6 8. Bd3 exd5
9. cxd5 a6 10. a4 Nbd7 11. O-O Nh5 12. Bg5 Qc7 13. Nd2 Bf6 14. Bxf6 Nhxf6 15.
f4 Rb8 16. Qf3 Nh5 17. Rf2 Ng7 18. Re1 f6 19. Qg3 Re8 20. Re3 Qd8 21. f5 Ne5
22. fxg6 hxg6 23. Be2 b5 24. axb5 axb5 25. Bxb5 Rf8 26. Nc4 Nh5 27. Qh4 Kg7 28.
Nxe5 dxe5 29. Be2 Rh8 30. Bxh5 Rxh5 31. Qg3 Bxh3 32. Ref3 Ra8 33. Rf1 Ra6 34.
Qf2 Bg4 35. Rg3 Qc8 36. d6 Rxd6 37. Nd5 f5 38. Rxg4 fxg4 39. Qf7+ Kh6 40. Nf6
Rxf6 41. Rxf6 Rg5 42. Qe7 Qa8 43. Rf8 Qa1+ 44. Rf1 Qa8 45. g3 Rh5 46. Qf8+ Qxf8
47. Rxf8 Kg5 48. Re8 Kf6 49. Rc8 Rh7 50. Rc6+ Kg5 51. Rxc5 Rb7 52. Rxe5+ Kf6
53. Re8 Rxb2 54. Rf8+ Kg5 55. Rf2 Rb4 56. Rf4 1/2-1/2

[Event "Aeroflot Open 2010"]
[Site "Moscu RUS"]
[Date "2010.02.17"]
[Round "9.21"]
[White "Van Wely, Loek"]
[Black "Safarli, Eltaj"]
[Result "1/2-1/2"]
[WhiteElo "2641"]
[BlackElo "2594"]
[PlyCount "41"]
[EventDate "2010.02.09"]
[EventType "swiss"]
[EventRounds "9"]
[EventCountry "RUS"]
[Source "lmi"]
[SourceDate "2010.02.09"]

1. d4 Nf6 2. c4 g6 3. Nf3 Bg7 4. g3 d5 5. Bg2 O-O 6. cxd5 Nxd5 7. O-O c5 8. e4
Nf6 9. e5 Nd5 10. dxc5 Na6 11. Qa4 Ndb4 12. a3 Nd3 13. Qh4 Nxc1 14. Rxc1 Nxc5
15. Rxc5 Qd1+ 16. Bf1 Qxf3 17. Nc3 b6 18. Bg2 Qg4 19. Qxe7 bxc5 20. Bxa8 Be6
21. Qxa7 1/2-1/2

[Event "Aeroflot Open 2010"]
[Site "Moscu RUS"]
[Date "2010.02.17"]
[Round "9.25"]
[White "Ragger, Markus"]
[Black "Volkov, Sergey"]
[Result "1/2-1/2"]
[WhiteElo "2568"]
[BlackElo "2623"]
[PlyCount "39"]
[EventDate "2010.02.09"]
[EventType "swiss"]
[EventRounds "9"]
[EventCountry "RUS"]
[Source "lmi"]
[SourceDate "2010.02.09"]

1. Nf3 d5 2. d4 Nf6 3. c4 c6 4. Nc3 a6 5. a4 e6 6. g3 dxc4 7. Bg2 c5 8. dxc5
Qxd1+ 9. Nxd1 Nc6 10. Ne3 Bxc5 11. Nxc4 Ke7 12. O-O Rd8 13. Nfe5 Nxe5 14. Nxe5
Nd5 15. Bd2 f6 16. Nd3 Bb6 17. a5 Ba7 18. Rac1 Ke8 19. Rfd1 Bd7 20. Nc5 1/2-1/2

[Event "Aeroflot Open 2010"]
[Site "Moscu RUS"]
[Date "2010.02.17"]
[Round "9.26"]
[White "Shomoev, Anton"]
[Black "Zhigalko, Sergei"]
[Result "1/2-1/2"]
[WhiteElo "2559"]
[BlackElo "2646"]
[PlyCount "39"]
[EventDate "2010.02.09"]
[EventType "swiss"]
[EventRounds "9"]
[EventCountry "RUS"]
[Source "lmi"]
[SourceDate "2010.02.09"]

1. e4 c5 2. Nf3 Nc6 3. d4 cxd4 4. Nxd4 Nf6 5. Nc3 e5 6. Ndb5 d6 7. Bg5 a6 8.
Na3 b5 9. Nd5 Be7 10. Bxf6 Bxf6 11. c4 b4 12. Nc2 a5 13. Be2 O-O 14. O-O Bg5
15. Qd3 Be6 16. Rfd1 Rb8 17. b3 g6 18. Bf3 Kh8 19. Qe2 Qd7 20. Rd3 1/2-1/2

[Event "Aeroflot Open 2010"]
[Site "Moscu RUS"]
[Date "2010.02.17"]
[Round "9.28"]
[White "Kosintseva, Nadezhda"]
[Black "Potkin, Vladimir"]
[Result "1/2-1/2"]
[WhiteElo "2533"]
[BlackElo "2611"]
[PlyCount "168"]
[EventDate "2010.02.09"]
[EventType "swiss"]
[EventRounds "9"]
[EventCountry "RUS"]
[Source "lmi"]
[SourceDate "2010.02.09"]

1. e4 c5 2. Nf3 e6 3. d4 cxd4 4. Nxd4 a6 5. Bd3 Bc5 6. Nb3 Be7 7. Qg4 Bf6 8.
N1d2 Nc6 9. Nc4 d5 10. exd5 exd5 11. Qe2+ Nge7 12. Ne3 O-O 13. Ng4 Bxg4 14.
Qxg4 Ne5 15. Qh3 Nxd3+ 16. Qxd3 Nc6 17. O-O Rc8 18. a3 Re8 19. Rb1 Ne5 20. Qd1
Nc4 21. Nd4 Qb6 22. Nf3 Qe6 23. c3 Qf5 24. Bd2 h6 25. h3 Re6 26. Re1 Rb6 27.
Nd4 Bxd4 28. cxd4 Rxb2 29. Rxb2 Nxb2 30. Qb3 Rc2 31. Re5 Qg6 32. Be3 Nc4 33.
Re8+ Kh7 34. Qb4 Rb2 35. Qf8 Qd6 36. Qxd6 Nxd6 37. Rd8 Nc4 38. Rxd5 Nxa3 39.
Rd7 Kg6 40. Rc7 Nc2 41. Bc1 Ra2 42. d5 b5 43. d6 Kf6 44. Bf4 Nd4 45. Be3 Ne6
46. Rb7 Ra1+ 47. Kh2 Rd1 48. Rb6 Ke5 49. Rxa6 Rxd6 50. Ra7 f5 51. Rb7 Rd5 52.
g3 g5 53. Kg2 f4 54. Bc1 Ke4 55. Re7 Rd6 56. h4 Rc6 57. hxg5 hxg5 58. Bb2 f3+
59. Kh3 Kd3 60. Kg4 Ke2 61. Bd4 b4 62. Kf5 Kd3 63. Bf6 Nc7 64. Re3+ Kc2 65.
Rxf3 Nd5 66. Ba1 Ra6 67. Be5 Ra3 68. Rxa3 bxa3 69. Ba1 Kb1 70. Bd4 Kc2 71. Ba1
a2 72. f4 gxf4 73. gxf4 Kb1 74. Bd4 Ne3+ 75. Kg6 Nc4 76. f5 Nb2 77. Bxb2 Kxb2
78. f6 a1=Q 79. f7 Qa3 80. Kg7 Qe7 81. Kg8 Qg5+ 82. Kh7 Qf6 83. Kg8 Qg6+ 84.
Kh8 Qxf7 1/2-1/2

[Event "Aeroflot Open 2010"]
[Site "Moscu RUS"]
[Date "2010.02.17"]
[Round "9.29"]
[White "Shabalov, Alexander"]
[Black "Ajrapetjan, Yuriy"]
[Result "1-0"]
[WhiteElo "2611"]
[BlackElo "2525"]
[PlyCount "93"]
[EventDate "2010.02.09"]
[EventType "swiss"]
[EventRounds "9"]
[EventCountry "RUS"]
[Source "lmi"]
[SourceDate "2010.02.09"]

1. d4 Nf6 2. c4 e6 3. Nc3 Bb4 4. Qc2 O-O 5. e4 d6 6. Bd3 Nc6 7. Nge2 Ba5 8. Bg5
h6 9. Bh4 e5 10. O-O-O Bxc3 11. bxc3 g5 12. Bg3 Nh5 13. f3 b6 14. Bf2 Na5 15.
h4 c5 16. hxg5 Qxg5+ 17. Qd2 Qxd2+ 18. Kxd2 Nf6 19. Rxh6 Kg7 20. Rdh1 Be6 21.
d5 Bd7 22. g4 Rh8 23. g5 Rxh6 24. Rxh6 Ng8 25. Rxd6 Ba4 26. f4 exf4 27. Nxf4
Nb7 28. Nh5+ Kh8 29. Bg3 Nxd6 30. Bxd6 Bd7 31. e5 Bg4 32. Nf6 Nxf6 33. exf6 b5
34. Ke3 a6 35. Be7 Bd7 36. Kf4 bxc4 37. Bxc4 Bb5 38. Bb3 c4 39. Bc2 Be8 40. Bf5
Rb8 41. d6 Rb5 42. Bc8 Rd5 43. Bxa6 Rd3 44. Bxc4 Rxc3 45. Bd5 Kg8 46. g6 Rd3
47. d7 1-0

[Event "Aeroflot Open 2010"]
[Site "Moscu RUS"]
[Date "2010.02.17"]
[Round "9.30"]
[White "Kosintseva, Tatiana"]
[Black "Ehlvest, Jaan"]
[Result "1/2-1/2"]
[WhiteElo "2515"]
[BlackElo "2600"]
[PlyCount "134"]
[EventDate "2010.02.09"]
[EventType "swiss"]
[EventRounds "9"]
[EventCountry "RUS"]
[Source "lmi"]
[SourceDate "2010.02.09"]

1. e4 e6 2. d4 d5 3. Nc3 Nf6 4. e5 Nfd7 5. f4 c5 6. Nf3 Nc6 7. Be3 cxd4 8. Nxd4
Bc5 9. Qd2 O-O 10. O-O-O a6 11. Nb3 b6 12. g4 Bb7 13. Rg1 Bxe3 14. Qxe3 f6 15.
exf6 Qxf6 16. f5 Rae8 17. fxe6 Rxe6 18. Qd2 Nce5 19. Nxd5 Qh4 20. Bg2 Nc4 21.
Qd4 Nde5 22. Rgf1 Rxf1 23. Rxf1 h6 24. h3 Qg3 25. Be4 Nd6 26. Ne7+ Rxe7 27.
Qxd6 Bxe4 28. Qxe7 Kh7 29. Qb4 Nd3+ 30. cxd3 Qxd3 31. Rf2 Qb1+ 32. Kd2 Qd3+ 33.
Kc1 Qb1+ 34. Kd2 Qd3+ 35. Ke1 Qb1+ 36. Nc1 Qxc1+ 37. Ke2 Qb1 38. Qd4 Bg6 39. a3
b5 40. h4 h5 41. g5 a5 42. Rf3 Qc2+ 43. Ke1 Bf5 44. Re3 Qh2 45. Re7 Qg3+ 46.
Kd2 Qg2+ 47. Re2 Qc6 48. Ke3 Qh1 49. Kd2 Qc6 50. Qe5 Bg6 51. Qf4 Qh1 52. Ke3
Qc1+ 53. Rd2 Qe1+ 54. Kd4 Qe7 55. Rf2 b4 56. Qe5 Qd7+ 57. Qd5 Qg4+ 58. Kc5 Qg1
59. Qd2 bxa3 60. bxa3 Qg3 61. a4 Qc7+ 62. Kd4 Qd6+ 63. Kc4 Bf7+ 64. Kb5 Be8+
65. Kc4 Bf7+ 66. Kb5 Be8+ 67. Kc4 Bf7+ 1/2-1/2

[Event "Aeroflot Open 2010"]
[Site "Moscu RUS"]
[Date "2010.02.17"]
[Round "9.32"]
[White "Efimenko, Zahar"]
[Black "Javakhishvili, Lela"]
[Result "1-0"]
[WhiteElo "2668"]
[BlackElo "2493"]
[PlyCount "53"]
[EventDate "2010.02.09"]
[EventType "swiss"]
[EventRounds "9"]
[EventCountry "RUS"]
[Source "lmi"]
[SourceDate "2010.02.09"]

1. c4 e5 2. g3 Nc6 3. Bg2 g6 4. Nc3 Bg7 5. e3 d6 6. Nge2 Nf6 7. O-O O-O 8. d4
exd4 9. Nxd4 Nxd4 10. exd4 Be6 11. Qb3 Rb8 12. h3 h5 13. Bg5 Qd7 14. Kh2 a6 15.
Rad1 Bf5 16. c5 Rfe8 17. Rfe1 Rxe1 18. Rxe1 dxc5 19. dxc5 c6 20. Rd1 Qe6 21.
Qb4 Nd7 22. Bf4 Be5 23. Rxd7 Qxd7 24. Bxe5 Re8 25. Bd6 f6 26. Qd4 Qe6 27. Nd5
1-0

[Event "Aeroflot Open 2010"]
[Site "Moscu RUS"]
[Date "2010.02.17"]
[Round "9.33"]
[White "Rakhmanov, Aleksandr"]
[Black "Lopez Martinez, Josep Manuel"]
[Result "1-0"]
[WhiteElo "2591"]
[BlackElo "2593"]
[PlyCount "81"]
[EventDate "2010.02.09"]
[EventType "swiss"]
[EventRounds "9"]
[EventCountry "RUS"]
[Source "lmi"]
[SourceDate "2010.02.09"]

1. d4 Nf6 2. c4 g6 3. Nc3 Bg7 4. e3 c5 5. d5 d6 6. Nge2 O-O 7. h4 Na6 8. h5
Nxh5 9. Rxh5 gxh5 10. Nf4 Bg4 11. Be2 Bxe2 12. Qxe2 Kh8 13. Bd2 h4 14. Qh5 Nc7
15. Nh3 e6 16. Ng5 h6 17. Nxf7+ Rxf7 18. Qxf7 exd5 19. Ne2 Rc8 20. Bc3 Qf8 21.
Bxg7+ Qxg7 22. Qxg7+ Kxg7 23. cxd5 Kf6 24. e4 Nb5 25. f3 Nd4 26. Kf2 Nxe2 27.
Kxe2 Rg8 28. Kf2 Ke5 29. Rh1 Kd4 30. Rxh4 Rg6 31. Rh1 Kd3 32. Re1 Rf6 33. Re3+
Kc2 34. Rb3 Rf7 35. Ke3 Rg7 36. g4 b6 37. e5 dxe5 38. Ke4 Rb7 39. d6 Kb1 40.
Kxe5 Kxa2 41. Rd3 1-0

[Event "Aeroflot Open 2010"]
[Site "Moscu RUS"]
[Date "2010.02.17"]
[Round "9.37"]
[White "Svetushkin, Dmitry"]
[Black "Papin, Vasily"]
[Result "1/2-1/2"]
[WhiteElo "2573"]
[BlackElo "2548"]
[PlyCount "119"]
[EventDate "2010.02.09"]
[EventType "swiss"]
[EventRounds "9"]
[EventCountry "RUS"]
[Source "lmi"]
[SourceDate "2010.02.09"]

1. e4 c5 2. Nf3 e6 3. d3 Nc6 4. c3 d5 5. Qe2 Nge7 6. g3 g6 7. Bg2 Bg7 8. O-O
O-O 9. e5 f6 10. exf6 Bxf6 11. Bf4 Nf5 12. Ne5 Nxe5 13. Bxe5 Bxe5 14. Qxe5 Qb6
15. b3 Bd7 16. Nd2 Rae8 17. Nf3 Nd6 18. c4 Nf7 19. Qe2 dxc4 20. dxc4 e5 21. Nd2
Nd6 22. Qd3 Bf5 23. Qd5+ Be6 24. Qxe5 Bxc4 25. Nxc4 Rxe5 26. Nxb6 axb6 27. Rfe1
Rxe1+ 28. Rxe1 Kg7 29. a4 g5 30. Kf1 h6 31. Rd1 Rd8 32. f4 gxf4 33. gxf4 Kf6
34. Ke2 Re8+ 35. Kf2 Ne4+ 36. Kf3 Re6 37. Rd3 c4 38. bxc4 Nc5 39. Rd4 Ke7 40.
f5 Rd6 41. Rxd6 Kxd6 42. Kf4 Nxa4 43. Bxb7 Nc5 44. Bf3 Nd3+ 45. Ke4 Nc5+ 46.
Kd4 Nd7 47. Be2 Nf6 48. h3 Nd7 49. Ke4 Nf6+ 50. Kf4 Nd7 51. f6 Nxf6 52. Kf5 Ke7
53. Kg6 Ne4 54. Bf3 Ng5 55. Bg2 Ne6 56. Kxh6 Nf4 57. Bf1 Kf6 58. h4 Ng6 59. Kh5
Kg7 60. Kg5 1/2-1/2